| 000 | 00679nam a2200193 a 4500 | ||
|---|---|---|---|
| 001 | 000041842 | ||
| 005 | 20201002035803.0 | ||
| 008 | 131018s1987 sp 000 0 spa d | ||
| 020 | _a8400064763 | ||
| 040 |
_aDO-SdBNP _bspa _cBNPHU |
||
| 082 |
_axxx _bxxxx |
||
| 100 | 1 |
_aRevel, E. J. _968723 |
|
| 245 | 1 | 0 |
_aNesiga. : _b(retraction of word stress) in Tiberian Hebrew. / _cE. J. Revell. |
| 260 |
_aMadrid, : _bInstituto de Filología _bDepartamento de Filología bíblica y de Oriente Antiguo, _c1987. |
||
| 300 |
_a155 p. ; _c27 cm. |
||
| 490 | 1 | _aCardenal Cisneros | |
| 500 | _aIncluye notas y referencias bibliografícas a pie de página | ||
| 830 | 0 |
_aCardenal Cisneros _968724 |
|
| 999 |
_c41331 _d41331 |
||